000 01315nam a2200337 i 4500
001 zcodcb b8664768
005 20241115152039.0
007 t||
008 240404s2024 nyua e 001 0 eng d
010 _abl2024027531
020 _a9780593722497
_qhardcover
020 _a0593722493
040 _aGCmBT
_beng
_cGCmBT
_erda
092 _ageneral nonfiction
_bMojang
100 1 _aMojang Studios
_4aut.
_96496563
245 1 4 _aThe world of Minecraft :
_ba visual history of the global phenomenon /
_cwritten by Edwin Evans-Thirlwell.
250 _aFirst US edition.
264 1 _aNew York :
_bRandom House Worlds,
_c[2024]
300 _a223 pages :
_billustrations (chiefly color) ;
_c31 cm.
336 _atext
336 _astill image
337 _aunmediated
338 _avolume
500 _a"Mojang Studios."
500 _aIncludes index.
520 _aReveals the history of one of the most influential games of all time, exploring how the critically acclaimed game evolved from a one-person project in 2009 to the global gaming phenomenon it is today.
650 0 _aMinecraft (Game)
_xHistory.
_96496564
650 0 _aVideo games
_xHistory.
_95781792
650 0 _aAdventure video games
_xHistory.
_96496565
942 _2ddc
_cBOOK
999 _c401945
_d401945